| 000 | 00538nam a2200217Ia 4500 | ||
|---|---|---|---|
| 003 | OSt | ||
| 005 | 20230321104523.0 | ||
| 008 | 210423s2007 xx 000 0 und d | ||
| 020 | _a8121902819 | ||
| 040 | _cAL | ||
| 041 | _aeng | ||
| 082 |
_a658.4034 _223 _bGUPP |
||
| 100 |
_aGUPTA (Prem Kumar);HIRA (D S). _943968 |
||
| 245 | _aOperations research. | ||
| 250 | _a4 | ||
| 260 |
_aNew Delhi _bS Chand & Company Ltd _c2007 |
||
| 300 |
_axii,1377 _bPB |
||
| 365 |
_b450 _cINR |
||
| 906 | _aOperations ; research. | ||
| 942 |
_2ddc _cBK |
||
| 999 |
_c155635 _d155635 |
||